Tratado de Libre Comercio entre México, Canadá y Estados Unidos.

Úplné znenie Dohody o voľnom obchode medzi Mexikom, USA a Kanadou s predhovorom mexického prezidenta Carlosa Salinasa de Gortari z 12. augusta 1992.

Salvato in:
Dettagli Bibliografici
Natura: Capitolo di libro
Lingua:spagnolo
Soggetti:
Tags: Aggiungi Tag
Nessun Tag, puoi essere il primo ad aggiungerne!!

MARC

LEADER 00000naa a2200000 4500
001 r011073
005 20221208122403.4
041 0 |a spa 
044 |a MX 
245 1 0 |a Tratado de Libre Comercio entre México, Canadá y Estados Unidos. 
520 |a Úplné znenie Dohody o voľnom obchode medzi Mexikom, USA a Kanadou s predhovorom mexického prezidenta Carlosa Salinasa de Gortari z 12. augusta 1992. 
610 2 0 |a dohody obchodné medzinárodné 
610 2 0 |a Mexiko 
610 2 0 |a USA 
610 2 0 |a Kanada 
610 2 0 |a obchod voľný 
610 2 0 |a 1992 
610 2 0 |a programy vládne 
610 2 0 |a Salinas de Gortari, C.